Missing Word: Dry Eye Quiz Stats

 Plays Quiz Updated Apr 16, 2018

Score 0/18 Timer 03:00
0 Plays Today
Movie Missing Word % Correct
Can't ___ Me LoveBuy
97%
__ Sister's KeeperMy
96.3%
_, RobotI
96.3%
___ HardDie
95.5%
___ ___ BirdieBye
94.7%
How to Lose a ___ in 10 DaysGuy
94.3%
___ Did I Get Married?Why
93.7%
The ___ Who Loved MeSpy
91.9%
____ FidelityHigh
91.7%
Movie Missing Word % Correct
Vanilla ___Sky
89%
The ___ That BindsTie
87.6%
___ Away HomeFly
87%
American ___Pie
84.5%
Keep Your Powder ___Dry
84%
Eagle ___Eye
80.9%
___ FreedomCry
74.5%
Gun ___Shy
60.6%
The Great ___Lie
58.9%

Today's Daily Dose

Missing Word
1940s A-Z

Quick Pick
'S' Athletes

Get the Picture
Depp or Bonham Carter

You're not logged in!

Compare scores with friends on all Sporcle quizzes.
OR
Log In

Sporcle TV

Today on Sporcle TV


Watch our educational content, quiz creation guides, and fun videos on Sporcle TV.

Show Comments

Extras

Top Quizzes Today


Score Distribution

Your Account Isn't Verified!

In order to create a playlist on Sporcle, you need to verify the email address you used during registration. Go to your Sporcle Settings to finish the process.

Report this User

Report this user for behavior that violates our Community Guidelines.

Details: